Normal view
MARC view
- MS-Development Studies
Entry Topical Term
001 - CONTROL NUMBER
- control field: 123041
003 - CONTROL NUMBER IDENTIFIER
- control field: NUST
005 - DATE AND TIME OF LATEST TRANSACTION
- control field: 20240529103855.0
008 - FIXED-LENGTH DATA ELEMENTS
- fixed length control field: 240529|| aca||aabn | a|a d
040 ## - CATALOGING SOURCE
- Original cataloging agency: NUST
- Transcribing agency: NUST
150 ## - HEADING--TOPICAL TERM
- Topical term or geographic name entry element: MS-Development Studies
670 ## - SOURCE DATA FOUND
- Source citation: Work cat.: (NUST): Saleem, Arfa 123040, Development-induced Displacement and Dispossession: A Critical Discourse Analysis of the Construction of Dadhocha Dam in Rawalpindi /
